[Event "TCh-FRA Top 12 2012"]
[Site "Belfort FRA"]
[Date "2012.06.04"]
[Round "5.7"]
[White "Shoker,S"]
[Black "Godard,M"]
[Result "1/2-1/2"]
[WhiteElo "2517"]
[BlackElo "2363"]

1.Nf3 d5 2.g3 c6 3.Bg2 Bg4 4.c4 e6 5.cxd5 exd5 6.O-O Nd7 7.d3 Ngf6 8.Nc3 Bc5
9.Qb3 Qc8 10.Bf4 O-O 11.Rac1 Bb6 12.e4 dxe4 13.dxe4 Re8 14.Nd2 Nc5 15.Qc2 Bh3
16.Be3 Bxg2 17.Kxg2 Qe6 18.Rce1 Rad8 19.Bxc5 Bxc5 20.e5 Nd5 21.Nxd5 Qxd5+
22.Nf3 Bb6 23.Rd1 Qc5 24.Qe2 h6 25.h4 Bc7 26.Rxd8 Rxd8 27.Rd1 Rxd1 28.Qxd1 Bxe5
29.Qd8+ Kh7 30.Qd7 Bxb2 31.Qxb7 Bf6 32.Qxf7 Qd5 33.Qxa7 c5 34.a4 c4 35.Qc7 c3
36.a5 Qd3 37.g4 Qe4 38.Qc8 c2 39.a6 Bb2 40.a7 c1=Q 41.a8=Q Qxa8 42.Qxa8 Qf4
43.Qc8 Bf6 44.Qe6 Bd8 45.h5 Bf6 46.Nh2 Be5 47.Qg6+ Kg8 48.Qe8+ Kh7 49.Qg6+ Kg8
50.Nf1 Bd4 51.Qe6+ Kf8 52.Qe2 Be5 53.Ng3 Kg8 54.Qa2+ Kh8 55.Qe6 Kh7 56.Qc8 Bd6
57.Qc2+ Kh8 58.Kh3 Be5 59.Qe2 Bd6 60.Qe8+ Kh7 61.Qg6+ Kh8 62.Kg2 Be5 63.Qe8+ Kh7
64.Qg6+ Kh8 65.Ne4 Bd4 66.Qe8+ Kh7 67.Qg6+ Kh8 68.Kf1 Qf3 69.Qe8+ Kh7 70.Qg6+ Kh8
71.Qe6 Ba7 72.Ke1 Bd4 73.Qe8+ Kh7 74.Qg6+ Kh8 75.Qe6 Kh7 76.Qf5+ Qxf5 77.gxf5 Kg8
78.Ke2 Kf7 79.f3 Bb2 80.Kd3 Be5 81.Kc4 Bb2 82.Kd5 Ba1 83.Kc4 Bb2 84.Kd3 Be5
85.Ke3 Bb2 86.Kf4 Bc1+ 87.Kg4 Bb2 88.Ng3 Kf6 89.Nf1 Kf7 90.Kf4 Bc1+ 91.Ke4 Kf6
92.f4 Kf7 93.Nh2 Ke7 94.Ng4 Bb2 95.Kd5 Bc3 96.Nf2 Bb2 97.Nd3 Bc3 98.Ne5 Bb2
99.Ke4 Bc3 100.Ng4 Bb2 101.f6+ Bxf6 102.Kf5 Kf7 103.Ne5+ Ke7 104.Nc6+ Kf7
105.Nb4 Be7 106.Nd3 Bd6 107.Ne5+ Ke7 108.Nc6+ Kf7 109.Nd8+ Ke7 110.Nb7 Bc7
111.Nc5 Kf7 112.Nb7 Bb8 113.Nd8+ Ke8 114.Nc6 Bc7 115.Kg6 Bxf4 116.Kxg7 Be3
117.Nb4 Bd2 118.Nd5 Bc1 119.Nf6+  1/2-1/2

[Event "Bronshoj GM 2012"]
[Site "Copenhagen DEN"]
[Date "2012.06.04"]
[Round "6.4"]
[White "Danielsen,Hen"]
[Black "Bromann,T"]
[Result "1-0"]
[WhiteElo "2498"]
[BlackElo "2411"]

1.Nf3 d5 2.g3 g6 3.Bg2 Bg7 4.c4 c6 5.O-O e5 6.Qa4 Nd7 7.d3 Ne7 8.Nc3 O-O
9.Bg5 Nb6 10.Qb4 f6 11.Bd2 Be6 12.cxd5 cxd5 13.Nb5 Nbc8 14.Qa5 Qd7 15.Rfc1 Nc6
16.Qc7 Rf7 17.Qxd7 Rxd7 18.a4 a6 19.Nc3 Na5 20.Nxd5 Nb3 21.Nc3 Rb8 22.Rab1 Nxc1
23.Rxc1 Nd6 24.Ne1 Nc4 25.dxc4 Rxd2 26.b3 b6 27.Nd3 Bh6 28.Ra1 Rc2 29.Nd5 Bg7
30.N3b4 Rxe2 31.Nxa6 Rd8 32.Nac7 Kf7 33.b4 f5 34.a5 bxa5 35.Nxe6 Kxe6 36.Rxa5 Rc2
37.Ra6+ Rd6 38.Ra7 Rd7 39.Nc7+ Ke7 40.Bc6 Rd1+ 41.Kg2 Kd6 42.Ba4 Rxf2+ 43.Kxf2 Rd2+
44.Ke1 Bh6 45.c5+ Ke7 46.Nd5+ Kf8 47.Nf6 Rb2 48.Be8 Bd2+ 49.Kf1  1-0

[Event "1st Grand Europe Open"]
[Site "Golden Sands BUL"]
[Date "2012.06.04"]
[Round "1.1"]
[White "Akopian,Vl"]
[Black "Keilhack,H"]
[Result "1/2-1/2"]
[WhiteElo "2697"]
[BlackElo "2256"]

1.Nf3 d5 2.g3 c5 3.Bg2 Nc6 4.d4 e6 5.O-O Nf6 6.b3 cxd4 7.Nxd4 Bc5 8.Bb2 O-O
9.e3 Qe7 10.c4 Bd7 11.cxd5 Nxd5 12.Nc3 Nxc3 13.Bxc3 Rac8 14.Rc1 Rfd8 15.Nc2 e5
16.Qh5 f6 17.b4 Be8 18.Qg4 Bb6 19.b5 Nb8 20.Bb4 Bc5 21.a4 Bf7 22.h4 Be6 23.Bxc5 Rxc5
24.Qb4 b6 25.Na3 Rdc8 26.Rfd1 Kf7 27.Qb2 Nd7 28.Bc6 Rxc1 29.Qxc1 Nc5 30.Bd5 Bxd5
31.Rxd5 Rd8 32.Rxd8 Qxd8 33.a5 Qd3 34.axb6 axb6 35.Qc4+ Qxc4 36.Nxc4 Na4
37.e4 Nc3 38.f3 Nxb5 39.Nxb6 h5  1/2-1/2

[Event "11th TCh-BIH Premier"]
[Site "Jahorina BIH"]
[Date "2012.06.04"]
[Round "3.1"]
[White "Popovic,Du"]
[Black "Jankovic,A"]
[Result "1/2-1/2"]
[WhiteElo "2548"]
[BlackElo "2564"]

1.Nf3 d5 2.g3 Nf6 3.Bg2 c6 4.O-O Bg4 5.d3 Nbd7 6.Nbd2 e6 7.e4 dxe4 8.dxe4 Be7
9.Qe1 Bxf3 10.Nxf3 O-O 11.Qe2  1/2-1/2

[Event "e2e4 Diamond Jubilee Premier"]
[Site "London ENG"]
[Date "2012.06.04"]
[Round "5.24"]
[White "Murphy,Conor E"]
[Black "Orishko,Yaroslav"]
[Result "0-1"]
[WhiteElo "1954"]
[BlackElo "2080"]

1.Nf3 d5 2.g3 Nf6 3.Bg2 g6 4.c4 c6 5.d4 Bg7 6.Nc3 O-O 7.O-O h6 8.b3 Be6 9.Nd2 Bf5
10.Bb2 Na6 11.e4 dxe4 12.Ndxe4 Nxe4 13.Nxe4 c5 14.Nc3 Nb4 15.Bxb7 Rb8 16.Be4 cxd4
17.Nd5 Bxe4 18.Nxb4 Rxb4 19.Qe1 Bf3  0-1

[Event "Asian Junior Open 2012"]
[Site "Tashkent UZB"]
[Date "2012.06.04"]
[Round "6.8"]
[White "Guseynov,A"]
[Black "Yakubboev,Nodirbek"]
[Result "1/2-1/2"]
[WhiteElo "2134"]
[BlackElo "1909"]

1.Nf3 d5 2.g3 c5 3.Bg2 Nc6 4.d4 Nf6 5.O-O e6 6.c4 dxc4 7.Ne5 Nxe5 8.dxe5 Qxd1
9.Rxd1 Nd7 10.f4 Rb8 11.Nd2 b6 12.Nxc4 Bb7 13.a4 Bxg2 14.Kxg2 Be7 15.a5 b5
16.Nd6+ Bxd6 17.Rxd6 Ke7 18.Be3 Rhc8 19.b4 Rc7 20.bxc5 Nxc5 21.Rc1 Rbc8 22.Rb1 Rb8
23.Rc1 Rbc8 24.Rb1 Rb8 25.Rc1 Rbc8 26.Rb1 Rb8  1/2-1/2

[Event "1st Grand Europe Open"]
[Site "Golden Sands BUL"]
[Date "2012.06.05"]
[Round "2.37"]
[White "Naroditsky,D"]
[Black "Omar,Noa"]
[Result "1-0"]
[WhiteElo "2479"]
[BlackElo "2322"]

1.Nf3 d5 2.g3 c5 3.Bg2 Nc6 4.d4 Nf6 5.O-O e6 6.c4 dxc4 7.Ne5 Bd7 8.Na3 cxd4
9.Naxc4 Rc8 10.Bf4 Nd5 11.Nxd7 Nxf4 12.Bxc6 bxc6 13.Nxf8 Nh3+ 14.Kg2 Qd5+
15.e4 Qxc4 16.Rc1 Qb4 17.Nxe6 fxe6 18.Qh5+ g6 19.Qe5 Kf7 20.Kxh3 Rhd8 21.Rfd1 Qd6
22.Qa5 c5 23.Qxa7+ Kg8 24.Qa4 Rb8 25.Rd2 Rb4 26.Qc2 d3 27.Qxc5 Qxc5 28.Rxc5 Rxe4
29.Kg2 Re2 30.Rxe2 dxe2 31.Re5 Rd2 32.Kf3 Rxb2 33.Rxe2 Rb6 34.a4 Kf7 35.a5 Ra6
36.Ra2 Kf6 37.Ke4 h5 38.Kd4 Kf5 39.Kc5 Kg4 40.Kb5 Ra8 41.a6 e5 42.Re2 Kf3
43.Rxe5 Kxf2 44.Rg5  1-0

[Event "1st Grand Europe Open"]
[Site "Golden Sands BUL"]
[Date "2012.06.05"]
[Round "2.8"]
[White "Georgiev,Kr"]
[Black "Atalik,S"]
[Result "1-0"]
[WhiteElo "2421"]
[BlackElo "2608"]

1.Nf3 d5 2.g3 Bg4 3.Bg2 e6 4.O-O Nd7 5.d3 c6 6.Nbd2 Bd6 7.b3 Ngf6 8.Bb2 O-O
9.e4 e5 10.Re1 Re8 11.c3 a5 12.Nf1 a4 13.Ne3 Bc5 14.b4 Bxe3 15.Rxe3 a3 16.Bc1 d4
17.Re2 dxc3 18.h3 Bxf3 19.Bxf3 c5 20.Qb3 cxb4 21.Qxb4 Re6 22.Be3 Qc7 23.Rc2 Rc6
24.Rac1 Rc8 25.Qxa3 h5 26.Kg2 g6 27.Qb3 Nc5 28.Qb5 Ne6 29.Qb4 Nd7 30.Rb1 b6
31.Rb3 Kg7 32.Ra3 Kg8 33.Bd1 Ndf8 34.Be2 h4 35.Bg4 hxg3 36.fxg3 Nd7 37.Bxe6 fxe6
38.Rb3 Qa7 39.Qe7 Qc7 40.h4 Ra8 41.Rbxc3 Rxc3 42.Rxc3 Rxa2+ 43.Kh3 Qxc3 44.Bh6  1-0

[Event "11th TCh-BIH Premier"]
[Site "Jahorina BIH"]
[Date "2012.06.05"]
[Round "4.4"]
[White "Boric,Mu"]
[Black "Stojanovic,Do"]
[Result "1-0"]
[WhiteElo "2374"]
[BlackElo "2350"]

1.Nf3 d5 2.g3 Nf6 3.Bg2 e6 4.O-O Be7 5.d3 O-O 6.Nbd2 c5 7.e4 Nc6 8.Re1 Qc7
9.Nf1 dxe4 10.dxe4 Rd8 11.Bd2 b6 12.e5 Nd5 13.c3 Bb7 14.Qa4 Bf8 15.h4 h6
16.h5 Nde7 17.Qg4 Kh8 18.Bf4 Na5 19.Rad1 Rac8 20.Bc1 b5 21.N1d2 Nac6 22.Qf4 Nd5
23.Qe4 c4 24.Qe2 Rd7 25.Nf1 Rcd8 26.g4 b4 27.Qxc4 bxc3 28.bxc3 Qa5 29.Bd2 Qa3
30.Rb1 Na5 31.Qd4 Nb6 32.Qf4 Nac4 33.Be3 Nxe3 34.Nxe3 Qxc3 35.g5 Nd5 36.Nxd5 Bxd5
37.Nh2 Bxg2 38.Kxg2 hxg5 39.Qxg5 Qd2 40.Nf3 Qxg5+ 41.Nxg5 Kg8 42.Ne4 Rd5
43.f4 Ra5 44.Re2 Rd4 45.Rb8 Raa4 46.Kf3 Ra3+ 47.Re3 Raa4 48.h6 gxh6 49.Nf6+ Kg7
50.Nh5+ Kg6 51.Kg4 f5+ 52.exf6 Rxf4+ 53.Nxf4+ Rxf4+ 54.Kxf4 Bd6+ 55.Kg4 h5+
56.Kh4 Bxb8 57.Rxe6 Bf4 58.Re7 a5 59.Ra7 Bg5+ 60.Kg3 Bd2 61.Ra6 Bb4 62.Kf4 Bc3
63.Rc6 Bb2 64.a4 Bd4 65.Ke4 Bf2 66.Ke5 Be1 67.Ke6 h4 68.f7 Kg7  1-0

[Event "e2e4 Diamond Jubilee Premier"]
[Site "London ENG"]
[Date "2012.06.05"]
[Round "7.36"]
[White "Murphy,Conor E"]
[Black "Gupta,Arul"]
[Result "1-0"]
[WhiteElo "1954"]
[BlackElo "1697"]

1.Nf3 d5 2.g3 c5 3.c4 e6 4.Bg2 Nf6 5.O-O Be7 6.b3 O-O 7.Bb2 Nc6 8.e3 b6 9.Qe2 Bb7
10.d3 Qc7 11.Nc3 a6 12.Rfd1 Rad8 13.Rac1 d4 14.exd4 cxd4 15.Nb5 Qb8 16.Nbxd4 Nxd4
17.Nxd4 Bxg2 18.Kxg2 Qb7+ 19.Qf3 Qxf3+ 20.Nxf3 Bd6 21.d4 Rfe8 22.Ne5 Bxe5
23.dxe5 Ne4 24.Kf1 Nc5 25.Ke2 h6 26.Rxd8 Rxd8 27.Rd1 Rxd1 28.Kxd1 Kf8 29.Ba3 Ke8
30.Bxc5 bxc5 31.a3 Kd7 32.b4 Kc6 33.Kc2 f6 34.f4 f5 35.Kb3 g6 36.Ka4 g5 37.Ka5 gxf4
38.gxf4 Kb7 39.b5 axb5 40.cxb5 Ka7 41.b6+ Kb7 42.Kb5  1-0

[Event "Kuna Arandu Elite"]
[Site "Luque PAR"]
[Date "2012.06.05"]
[Round "1"]
[White "Soppe,G"]
[Black "Sanchez Castillo,S"]
[Result "1-0"]
[WhiteElo "2423"]
[BlackElo "2234"]

1.Nf3 d5 2.g3 Nf6 3.Bg2 Bf5 4.O-O e6 5.d3 Be7 6.c4 Nbd7 7.Nc3 O-O 8.Nh4 dxc4
9.Nxf5 exf5 10.Bxb7 Rb8 11.Bg2 cxd3 12.Qxd3 g6 13.Qc2 Qc8 14.Bf4 Bd6 15.Bxd6 cxd6
16.Qd2 Qc5 17.Rac1 Qe5 18.b3 Rfd8 19.Rfd1 Nc5 20.Qd4 a5 21.e3 Ne6 22.Qxe5 dxe5
23.Nd5 Kg7 24.Kf1 e4 25.Nxf6 Kxf6 26.Rxd8 Rxd8 27.Ke1 a4 28.b4 a3 29.f3 exf3
30.Bxf3 Ng5 31.Bg2 Ne4 32.Bxe4 fxe4 33.b5 Rb8 34.Rb1 Kg5 35.h3 f5 36.b6 h5
37.b7 h4 38.Kf2 Kh5 39.Rb6 g5 40.gxh4 gxh4 41.Ke2 Kg5 42.Kd2 Kh5 43.Kc3 Kg5
44.Kc4 Kh5 45.Kd5 f4 46.Kxe4 fxe3 47.Kxe3 Kg5 48.Ke4  1-0

[Event "Mitropa Cup 2012"]
[Site "Sibenik CRO"]
[Date "2012.06.05"]
[Round "6"]
[White "Fodor,T jr"]
[Black "Rosenthal,Jon"]
[Result "1-0"]
[WhiteElo "2502"]
[BlackElo "2325"]

1.Nf3 d5 2.g3 c6 3.Bg2 Bg4 4.c4 e6 5.O-O Nf6 6.d3 Be7 7.Nc3 O-O 8.cxd5 exd5
9.Qc2 Na6 10.h3 Bxf3 11.Bxf3 d4 12.Ne4 Nxe4 13.Bxe4 Nc5 14.Bg2 a5 15.Bd2 Qd7
16.Kh2 Rfe8 17.b3 Ne6 18.a3 Nc7 19.Bf3 Nb5 20.Qb2 a4 21.b4 Bf6 22.Qc2 Qe6
23.Rfb1 Qe7 24.h4 Qd6 25.Kg2 Qe6 26.Rb2 Qd6 27.Qc1 h6 28.Rc2 Qe6 29.Raa2 Rad8
30.Ra1 Ra8 31.Rb1 Rad8 32.Qb2 Ra8 33.Qa1 Rad8 34.Rh1 Be5 35.Rc4 Qg6 36.Qa2 Qe6
37.Qb2 Qg6 38.Bc1 Qe6 39.Qc2 Ra8 40.Bb2 Qd7 41.Qc1 Rad8 42.Re1 Qf5 43.Rc5 Qg6
44.e4 Nc3 45.Bd1 Bc7 46.Bxc3 dxc3 47.Qxc3 Bb6 48.Rf5 Bd4 49.Qd2 Qe6 50.Bxa4 Ra8
51.Qd1 Re7 52.Bb3 Qd7 53.Qc1 Rae8 54.Rd1 g6 55.Rf3 Kg7 56.h5 Qd6 57.Qc4 Qd7
58.a4 b5 59.axb5 cxb5 60.Qd5 Bc3 61.hxg6 fxg6 62.Qxd7 Rxd7 63.Bd5 Rb8 64.Rb1 Ra7
65.g4 g5 66.Rf5 Ra4 67.Rc1 Rc8 68.Rf3 Ra1 69.Rc2  1-0

[Event "TCh-FRA Top 12 2012"]
[Site "Belfort FRA"]
[Date "2012.06.06"]
[Round "7.7"]
[White "Shoker,S"]
[Black "Van Wely,L"]
[Result "0-1"]
[WhiteElo "2517"]
[BlackElo "2682"]

1.Nf3 d5 2.g3 g6 3.Bg2 Bg7 4.O-O e5 5.c4 c6 6.Qa4 Ne7 7.cxd5 Nxd5 8.Nc3 O-O
9.Rd1 Na6 10.d4 Nb6 11.Qc2 exd4 12.Bg5 Bf5 13.Ne4 Qd5 14.Nfd2 Rfe8 15.Bf4 h5
16.a4 Nb4 17.Qc5 Qxc5 18.Nxc5 Rxe2 19.Bf3 d3 20.a5 N6d5 21.a6 b6 22.Ncb3 Bxb2  0-1

[Event "11th TCh-BIH Premier"]
[Site "Jahorina BIH"]
[Date "2012.06.06"]
[Round "5.5"]
[White "Nikolic,Pr"]
[Black "Bilic,V"]
[Result "1-0"]
[WhiteElo "2635"]
[BlackElo "2310"]

1.Nf3 d5 2.g3 c6 3.Bg2 Bg4 4.d3 Nf6 5.O-O e6 6.c4 Nbd7 7.cxd5 exd5 8.h3 Bxf3
9.Bxf3 Bd6 10.Bg2 O-O 11.e4 Re8 12.Nc3 dxe4 13.dxe4 Be5 14.Ne2 Bc7 15.Qc2 Qe7
16.f3 Rad8 17.Bd2 Qc5+ 18.Qxc5 Nxc5 19.Rad1 Bb6 20.Kh2 Rd7 21.Bc3 Red8 22.Rxd7 Rxd7
23.b3 Rd3 24.Rc1 Ne6 25.h4 Kf8 26.Rc2 Be3 27.b4 Ke7 28.Bf1 Rd1 29.Kg2 a6
30.Bb2 Rd8 31.a3 h5 32.Nc1 g6 33.Nb3 Rd7 34.Bc4 Ne8 35.Be2 Bb6 36.Bc1 Nd4
37.Nxd4 Bxd4 38.Bg5+ f6 39.Bc1 Nc7 40.f4 Ne6 41.Rd2 b5 42.f5 gxf5 43.exf5 Ng7
44.g4 c5 45.bxc5 Bxc5 46.Rxd7+ Kxd7 47.gxh5 Nxf5 48.Bg4 Ke6 49.h6 Bf8 50.h7 Bg7
51.Bb2 a5 52.Kf3 b4 53.Ke4 bxa3 54.Bxa3 Bh8 55.h5 a4 56.h6 Kf7 57.Bxf5  1-0

[Event "Asian Junior Open 2012"]
[Site "Tashkent UZB"]
[Date "2012.06.06"]
[Round "8.11"]
[White "Guseynov,A"]
[Black "Igonin,Temur"]
[Result "1/2-1/2"]
[WhiteElo "2134"]
[BlackElo "1917"]

1.Nf3 d5 2.g3 Bg4 3.Bg2 Nd7 4.c4 dxc4 5.Qa4 c6 6.Qxc4 Bxf3 7.Bxf3 Ne5 8.Qb3 Nxf3+
9.Qxf3 Nf6 10.Nc3 e5 11.d3 Be7 12.O-O O-O 13.b3 Qa5 14.Ne4 Nxe4 15.Qxe4 Qd5
16.Qc4 Bc5 17.Bb2 Rfd8 18.Rac1 Bd4 19.Rc2 Bxb2 20.Rxb2 Rd7 21.Rc2 Re8 22.f3 h6
23.Kg2 Qd4 24.Qc3 Qxc3 25.Rxc3 Rd5 26.Kf2 f6 27.Rfc1 Kf7 28.Rc4 Red8 29.Ra4 a6
30.Rb4 R8d7 31.Rbc4 Ra5 32.R1c2 Ra3 33.Rc5 Ke6 34.R5c4 Rd5 35.Rd2 Rda5 36.Rcc2 Kd5
37.e4+ Ke6 38.Ke3 c5 39.f4 g6 40.Ke2 Rb5 41.Kd1 a5 42.Rc4 a4 43.bxa4 Rb1+
44.Ke2 b6 45.fxe5 fxe5 46.Ke3 h5 47.h4 Re1+ 48.Kf2 Ra1 49.Rcc2 Rxa4 50.Rb2 Ra6
51.Kf3 Rf1+ 52.Rf2 Rxf2+ 53.Kxf2 Kd7  1/2-1/2

[Event "TCh-FRA Top 12 2012"]
[Site "Belfort FRA"]
[Date "2012.06.07"]
[Round "8.4"]
[White "Koch,JR"]
[Black "Sanchez,Joseph"]
[Result "1/2-1/2"]
[WhiteElo "2484"]
[BlackElo "2531"]

1.Nf3 d5 2.g3 c6 3.c4 g6 4.Bg2 Bg7 5.O-O dxc4 6.Na3 Qd5 7.Qc2 Be6 8.Ne1 Qh5
9.Bf3 Bg4 10.Bxg4 Qxg4 11.Qxc4 Qh5 12.Nf3 Nd7 13.Kg2 Ngf6 14.h3 O-O 15.d3 Ne5
16.Qf4 Nd5 17.Qg5 Qxg5 18.Nxg5 h6 19.Nf3 Nxf3 20.Kxf3 f5 21.Nc2 e5 22.Ne3 Nc7
23.Rb1 Ne6 24.Nc2 Rae8 25.b4 f4 26.Kg2 fxg3 27.fxg3 Rxf1 28.Kxf1 e4 29.b5 exd3
30.exd3 cxb5 31.Bb2 Bxb2 32.Rxb2 Rc8 33.Kf2 Nc5 34.Rxb5 Nxd3+ 35.Ke3 Rxc2
36.Kxd3 Rxa2 37.Rxb7 Ra3+ 38.Ke4 Rxg3 39.Ke5 Ra3 40.h4 Ra5+ 41.Kf6 Ra6+ 42.Ke5 Kf8
43.Rh7 h5 44.Rb7 Ke8 45.Rg7 Kd8 46.Rg8+ Kc7 47.Rg7+ Kc6 48.Rxg6+ Kb5 49.Rg7 Ra4
50.Rh7 Ra5 51.Kf4 Ka4 52.Rb7 Ka3 53.Kg3 a6 54.Rb6 Ka2 55.Kf4 Ka3 56.Kg3 Ra4
57.Rh6 Ra5 58.Rb6 Ka2 59.Kf4 Ka1 60.Kg3 Ka2  1/2-1/2

[Event "1st Grand Europe Open"]
[Site "Golden Sands BUL"]
[Date "2012.06.07"]
[Round "4.53"]
[White "Velikov,P"]
[Black "Velcheva,M"]
[Result "1-0"]
[WhiteElo "2416"]
[BlackElo "2269"]

1.Nf3 d5 2.g3 Nf6 3.Bg2 c6 4.O-O Bg4 5.c4 e6 6.cxd5 exd5 7.d3 Be7 8.Nc3 O-O
9.h3 Bh5 10.Qc2 Nbd7 11.e4 Bxf3 12.Bxf3 d4 13.Nb1 Ne5 14.Bg2 c5 15.a4 a6
16.Na3 Nc6 17.Bd2 Rb8 18.Rfe1 b5 19.Qb3 c4 20.dxc4 b4 21.Nb1 Na5 22.Qd1 Nxc4
23.Bf4 Rc8 24.Nd2 Nxd2 25.Qxd2 Bc5 26.Qd3 a5 27.Rac1 Qb6 28.Rc4 Nd7 29.h4 Rcd8
30.Rec1 Qa7 31.Bh3 Bb6 32.Bc7 Nc5 33.Bxb6 Nxd3 34.Bxa7 Nxc1 35.Rxc1 d3 36.Rd1 Rfe8
37.f3 d2 38.Kf2 Rd6 39.Ke2 Red8 40.Be3 b3 41.Rxd2 Rxd2+ 42.Bxd2 Rd4 43.Bxa5 Rxa4
44.Bc3 Ra1 45.Bf1 Rc1 46.Kf2  1-0

[Event "1st Grand Europe Open"]
[Site "Golden Sands BUL"]
[Date "2012.06.07"]
[Round "4.16"]
[White "Georgiev,Kr"]
[Black "Yilmaz,M"]
[Result "1/2-1/2"]
[WhiteElo "2421"]
[BlackElo "2536"]

1.Nf3 d5 2.g3 Bg4 3.Bg2 Nd7 4.O-O e6 5.d3 Bd6 6.Nbd2 Ne7 7.b3 O-O 8.Bb2 c6
9.c4 a5 10.a3 Bh5 11.Qc2 e5 12.e4 Rc8 13.Rfe1 d4 14.c5 Bc7  1/2-1/2

[Event "1st Grand Europe Open"]
[Site "Golden Sands BUL"]
[Date "2012.06.07"]
[Round "4.70"]
[White "Spiridonov,Niko1"]
[Black "Khouri,A"]
[Result "1-0"]
[WhiteElo "2240"]
[BlackElo "2073"]

1.Nf3 d5 2.g3 Nf6 3.Bg2 Bf5 4.c4 c6 5.Qb3 Qb6 6.d3 Qxb3 7.axb3 Na6 8.Be3 e6
9.O-O Bc5 10.Nd4 Bg4 11.Re1 Nb4 12.Na3 e5 13.Ndc2 Nxc2 14.Nxc2 Bxe3 15.Nxe3 Be6
16.cxd5 cxd5 17.Rec1 Kd7 18.f4 exf4 19.gxf4 Kd6 20.Nc2 Rhc8 21.Nd4 a6 22.e4 Ng4
23.e5+ Ke7 24.f5 Bd7 25.Bxd5 Nxe5 26.Bxb7 Rxc1+ 27.Rxc1 Ra7 28.Be4 Kd8 29.b4 g6
30.Rc5 f6 31.Ra5 gxf5 32.Nxf5 Nc6 33.Ra4 Ne5 34.Ra5 Bxf5 35.Bxf5 Nc6 36.Ra4 Nd4  1-0

[Event "1st Grand Europe Open"]
[Site "Golden Sands BUL"]
[Date "2012.06.07"]
[Round "4.28"]
[White "Chatalbashev,B"]
[Black "Hassan,Ab"]
[Result "1/2-1/2"]
[WhiteElo "2575"]
[BlackElo "2356"]

1.g3 d5 2.Nf3 Bg4 3.Bg2 Nd7 4.O-O Ngf6 5.d3 e5 6.Nbd2 Bd6 7.e4 c6 8.h3 Bh5
9.Qe1 O-O 10.Nh4 Bg6 11.f4 exf4 12.gxf4 dxe4 13.dxe4 Re8 14.Nxg6 hxg6 15.e5 Bc5+
16.Kh1 g5 17.fxg5 Rxe5 18.Qh4 Nd5 19.Ne4 Qe7 20.c4 Ne3 21.Bxe3 Bxe3 22.Rae1 Bxg5
23.Nxg5 Qxg5 24.Qxg5 Rxg5 25.Re7 Ne5 26.Rxb7 Rd8 27.Rxa7 Rd2 28.Ra8+ Kh7
29.Be4+ g6 30.Bxc6 Rg3 31.Bd5 Rxh3+ 32.Kg1 Rg3+ 33.Kh1 Ng4 34.Rxf7+ Kh6 35.Rh8+ Kg5
36.Rf1 Rxb2 37.a4 Nf2+ 38.Kh2 Rg4 39.Ra1 Ne4+ 40.Kh1 Ng3+ 41.Kg1 Ne2+ 42.Kh1 Ng3+
43.Kg1 Ne4+ 44.Kh1 Nf2+ 45.Kh2 Ne4+ 46.Kh1 Ng3+  1/2-1/2

[Event "19th Metropolitan IM"]
[Site "Los Angeles USA"]
[Date "2012.06.07"]
[Round "3"]
[White "Matikozian,A"]
[Black "Kudryavtsev,V"]
[Result "1/2-1/2"]
[WhiteElo "2411"]
[BlackElo "2142"]

1.g3 d5 2.Nf3 Bg4 3.Bg2 Nd7 4.d4 e6 5.c4 c6 6.b3 a5 7.O-O a4 8.Bb2 a3 9.Bc1 Bb4
10.Bd2 Qa5 11.Bxb4 Qxb4 12.Qd2 Qxd2 13.Nbxd2 Ne7 14.e4 O-O 15.Ne5 Nxe5 16.dxe5 dxc4
17.f3 c3 18.Nb1 c2 19.Nd2 Bh5 20.Rac1 f6 21.Rxc2 b5 22.exf6 gxf6 23.Kf2 e5
24.f4 Rfd8 25.Ke3 Rd6 26.Rf2 exf4+ 27.Rxf4  1/2-1/2

[Event "7th Tal Mem Blitz"]
[Site "Moscow RUS"]
[Date "2012.06.07"]
[Round "2"]
[White "Grischuk,A"]
[Black "Radjabov,T"]
[Result "1/2-1/2"]
[WhiteElo "2761"]
[BlackElo "2784"]

1.g3 d5 2.Nf3 c6 3.c4 Nf6 4.Bg2 e6 5.O-O Nbd7 6.d4 Bd6 7.Nfd2 e5 8.cxd5 cxd5
9.dxe5 Nxe5 10.Nc3 Be6 11.Qa4+ Nc6 12.e4 d4 13.Nd5 O-O 14.Nb3 d3 15.Bg5 Bxd5
16.exd5 Ne5 17.Rad1 h6 18.Bf4 Nfd7 19.Nc1 Qb6 20.Qb3 g5 21.Bxe5 Nxe5 22.Nxd3 Qxb3
23.axb3 Nxd3 24.Rxd3 Rac8 25.Re3 Be5 26.Re2 Bd6  1/2-1/2

[Event "7th Tal Mem Blitz"]
[Site "Moscow RUS"]
[Date "2012.06.07"]
[Round "4"]
[White "McShane,L"]
[Black "Morozevich,A"]
[Result "0-1"]
[WhiteElo "2706"]
[BlackElo "2769"]

1.Nf3 d5 2.g3 c6 3.Bg2 Bg4 4.c4 e6 5.cxd5 exd5 6.O-O Nf6 7.b3 Bd6 8.Bb2 O-O
9.d3 Re8 10.Nbd2 Nbd7 11.Re1 a5 12.Qc2 a4 13.h3 Bh5 14.Nd4 a3 15.Bc3 Bg6
16.b4 Nb6 17.N2b3 Na4 18.Bd2 Qe7 19.f4 h6 20.f5 Bh7 21.g4 Bxb4 22.e4 dxe4
23.dxe4 Nd7 24.e5 Bxd2 25.Nxd2 Nxe5 26.Kh1 Qc5 27.Qe4 Nc3 28.Qe3 Nd5 29.Qg1 Nd3
30.Ne4 Qa7 31.Red1 N3f4 32.Bf3 Rad8 33.Nb3 Qb8 34.Qg3 h5 35.Kh2 h4 36.Qxh4 Ne2+
37.Kg2 Qf4 38.Ng5  0-1

[Event "7th Tal Mem Blitz"]
[Site "Moscow RUS"]
[Date "2012.06.07"]
[Round "7"]
[White "Grischuk,A"]
[Black "Tomashevsky,E"]
[Result "1-0"]
[WhiteElo "2761"]
[BlackElo "2738"]

1.g3 d5 2.Nf3 c6 3.c4 Nf6 4.Bg2 dxc4 5.O-O g6 6.Na3 Bg7 7.Nxc4 O-O 8.b3 Be6
9.Bb2 Nbd7 10.Rc1 Rc8 11.d3 Ng4 12.Bxg7 Kxg7 13.Qd2 Bxc4 14.Rxc4 Ngf6 15.b4 Nb6
16.Rh4 h5 17.Rc1 Re8 18.Qb2 Qd6 19.Ne5 Red8 20.Nc4 Nxc4 21.Rhxc4 Rb8 22.a4 Rd7
23.b5 cxb5 24.axb5 Qb6 25.Qe5 Rbd8 26.Bf3 a6 27.bxa6 Qxa6 28.Rb1 Qd6 29.Qxd6 Rxd6
30.Rxb7 R6d7 31.Rb5 Ra7 32.Kg2 Rdd7 33.h3 Rdc7 34.Rcb4 Ne8 35.Rb2 Nd6 36.R5b4 Rc5
37.R4b3 Rac7 38.Ra2 Rc2 39.Rxc2 Rxc2 40.g4 hxg4 41.hxg4 g5 42.Rb4 Kf6 43.Kg3 Ra2
44.Rb6 Kg7 45.Rc6 Rd2 46.Kg2 Ra2 47.d4 Rd2 48.e3 Ne8 49.Rc5 f6 50.Bd5 Rb2
51.Rc8 Nd6  1-0

[Event "7th Tal Mem Blitz"]
[Site "Moscow RUS"]
[Date "2012.06.07"]
[Round "9"]
[White "Grischuk,A"]
[Black "Aronian,L"]
[Result "1/2-1/2"]
[WhiteElo "2761"]
[BlackElo "2825"]

1.g3 d5 2.Nf3 g6 3.Bg2 Bg7 4.O-O e5 5.d3 Ne7 6.e4 O-O 7.exd5 Nxd5 8.Re1 Nc6
9.Nbd2 h6 10.a3 Re8 11.Rb1 Bf5 12.Ne4 Qc8 13.Bd2 Bh3 14.Bh1 Nde7 15.b4 a6
16.c3 Nf5 17.Qc2 Rb8 18.a4 Nd8 19.d4 Nd6 20.Nxe5 Bf5 21.Qb3 Ne6 22.Rbd1 Nxe4
23.Bxe4 Bxe4 24.Rxe4 h5 25.Ree1 b5 26.axb5 axb5 27.Be3 Qb7 28.Qd5 Qxd5  1/2-1/2

[Event "Server24Chess 2012"]
[Site "Ortisei ITA"]
[Date "2012.06.07"]
[Round "6"]
[White "Romanishin,O"]
[Black "Dittmar,P"]
[Result "1/2-1/2"]
[WhiteElo "2511"]
[BlackElo "2297"]

1.Nf3 d5 2.g3 c6 3.Bg2 Bg4 4.c4 e6 5.Ne5 Bh5 6.cxd5 exd5 7.d4 Nf6 8.O-O Be7
9.Nc3 O-O 10.h3 Nfd7 11.Nd3 Bg6 12.Nf4 Nf6 13.g4 Bd6 14.e3 Nfd7 15.Nxg6 hxg6
16.e4 dxe4 17.Nxe4 Nf6 18.Bg5 Be7 19.Re1 Nbd7 20.Qb3 Qb6 21.Nd2 Qxb3 22.Nxb3 Bb4
23.Rec1 a5 24.a3 Bd6 25.Bd2 a4 26.Na5 Rab8 27.Nc4 Bc7 28.Rab1 Nb6 29.Nxb6 Bxb6
30.Rc4 Rfd8 31.Be3 Nd5 32.Bxd5 Rxd5 33.Rxa4 f5 34.gxf5 gxf5 35.Kg2 Bc7 36.Kf3 f4
37.Bd2 b5 38.Ra6 Rxd4 39.Rxc6 Rd3+ 40.Ke4 Rxd2 41.Rxc7 Re8+ 42.Kf3 Ree2 43.Rg1 Rxf2+
44.Ke4 Rfe2+ 45.Kxf4 Rf2+ 46.Ke4 Rfe2+ 47.Kf5 Rf2+ 48.Ke5 Rfe2+ 49.Kf5  1/2-1/2

[Event "Mitropa Cup 2012"]
[Site "Sibenik CRO"]
[Date "2012.06.07"]
[Round "8"]
[White "Martinovic,Sa"]
[Black "Froewis,G"]
[Result "1-0"]
[WhiteElo "2504"]
[BlackElo "2363"]

1.Nf3 d5 2.g3 c6 3.Bg2 Nf6 4.O-O Bg4 5.d3 Nbd7 6.Nbd2 e5 7.e4 dxe4 8.dxe4 Bc5
9.h3 Bh5 10.Qe1 O-O 11.Nc4 Qc7 12.b4 Be7 13.Bb2 Bxf3 14.Bxf3 b5 15.Ne3 a5
16.a3 Nb6 17.Bg2 Na4 18.Bc1 Rfd8 19.Nf5 Bf8 20.Bg5 Be7 21.bxa5 g6 22.Nxe7+ Qxe7
23.f4 Rd6 24.Qf2 h6 25.fxe5  1-0

[Event "Alushta Summer 1 2012"]
[Site "Alushta UKR"]
[Date "2012.06.08"]
[Round "8"]
[White "Azaladze,S"]
[Black "Marusenko,P"]
[Result "1-0"]
[WhiteElo "2489"]
[BlackElo "2164"]

1.Nf3 d5 2.g3 Nf6 3.Bg2 c6 4.O-O Bf5 5.Nh4 Bg4 6.d3 Qd7 7.f3 Bh3 8.e4 Bxg2
9.Kxg2 e6 10.e5 Ng8 11.f4 Be7 12.Nf3 c5 13.c4 Nc6 14.Nc3 d4 15.Ne4 f5 16.exf6 Nxf6
17.Qe2 Nxe4 18.Qxe4 O-O-O 19.Bd2 Bf6 20.a3 g6 21.b4 Rhe8 22.Rfe1 Qf7 23.Rab1 h6
24.bxc5 Bg7 25.Nh4 Bf8 26.Nxg6 Bxc5 27.Rb5 Bb6 28.a4 Bc7 29.Reb1 Bb8 30.a5 a6
31.Rb6 Qd7 32.h4 h5 33.Qf3 e5 34.fxe5 Rg8 35.Rxb7 Qxb7 36.Ne7+  1-0

[Event "TCh-FRA Top 12 2012"]
[Site "Belfort FRA"]
[Date "2012.06.08"]
[Round "9.5"]
[White "Shoker,S"]
[Black "Bailet,P"]
[Result "0-1"]
[WhiteElo "2517"]
[BlackElo "2425"]

1.Nf3 d5 2.g3 Nc6 3.Bg2 e5 4.d3 Nf6 5.O-O Be7 6.c3 O-O 7.Qc2 Bf5 8.b4 e4
9.Nh4 Be6 10.dxe4 Nxe4 11.b5 Ne5 12.Bxe4 dxe4 13.Rd1 Qe8 14.Qxe4 Qxb5 15.a4 Qb3
16.Rf1 Bf6 17.Nf5 Qc4 18.Nd4 Bh3 19.Rd1 c5 20.Na3 Qxa4 21.Nac2 Qd7 22.Bf4 cxd4
23.Bxe5 Qe6 24.cxd4 Bf5 25.Qxb7 Bxc2 26.Rdc1 Bxe5 27.dxe5 Qxe5 28.Ra2 Be4
29.Qd7 Bd5 30.Rc5 Rad8 31.Qg4 Bf3 32.Rxe5 Rd1+  0-1

[Event "1st Grand Europe Open"]
[Site "Golden Sands BUL"]
[Date "2012.06.08"]
[Round "5.52"]
[White "Rzayev,B"]
[Black "Stamnov,A"]
[Result "1/2-1/2"]
[WhiteElo "2380"]
[BlackElo "2191"]

1.Nf3 d5 2.g3 c6 3.Bg2 Bg4 4.O-O Nd7 5.c4 e6 6.b3 Ngf6 7.d4 Be7 8.Bb2 O-O
9.Nfd2 Bb4 10.f4 Bxd2 11.Qxd2 Re8 12.Re1 Nf8 13.a4 Qd7 14.c5 Rab8 15.b4 Ng6
16.e3 h5 17.Bf1 a6 18.b5 axb5 19.axb5 Ra8 20.Ra5  1/2-1/2